00250nam a2200085Ia 4500008004100000100002500041245004700066260004200113260000900155170620s9999 xx 000 0 und d aHarshitha- Digumarti 0aMethods of Teaching Information Technology bNew Delhi- Discovery Publishing House c2007